000 00967cam a22002531i 4500
003 SA-RiAUC
005 20250911124841.0
008 250910q19001999ua g 00000 ara c
040 _aSA-JeALM
_bara
_cSA-RiAUC
_erda
082 0 4 _a216
_qSA-RiAUC
090 _a216
_bع ق ا
100 1 _aالعقاد، عباس،
_d1889-1964
_eمؤلف.
245 1 0 _aما يقال عن الإسلام /
_cعباس محمود العقاد.
264 1 _aالقاهرة :
_bمكتبة دار العروبة،
_c[بين 1900 و1999]
300 _a358 صفحة ؛
_c20 سم
336 _aنص
_btxt
_2rdacontent
_3كتاب
337 _aبدون وسيط
_bn
_2rdamedia
650 7 _aالإسلام
_xدفع مطاعن
_2aucsh
650 7 _aالاستشراق والمستشرقون
_2aucsh
650 7 _aعلم الكلام
_2aucsh
650 7 _aالإسلام والاستشراق والمستشرقون
_2aucsh
942 _2ddc
_cBOOK
_n0
949 _aSA-JeALM
_d250910
_uosman123
_n1
999 _c11633
_d11633